000 01068nas a2200349 4500
001 BR0400191
003 BR-BrBNA
005 20231205104301.0
007 ta
008 230509b bl.|||p| |||| 00| 00por d
040 _aBR-BrBNA
_bpor
_cBiblioteca Nacional de Agricultura
041 _a(Pt)
072 _aL50; L53
100 1 _aReis, E.M.B.
100 1 _aLopes, H.C.B.S.
100 1 _aNogueira, L.A.G.
100 1 _aReis, J.L.
100 1 _aFreitas, C.
100 1 _aRodrigues, C.F.M.
100 1 _aAlmosny, N.P.R.
245 1 _aInfluência da superovulação no funcionamento renal de novilhas doadoras das raças Girolando, Limousin e Red Angus
650 _aNOVILHO
650 _aRAÇA
650 _aSUPEROVULAÇÃO
650 _aRIM
650 _aCREATININA
650 _aMELHORAMENTO GENÉTICO ANIMAL
650 _aBIOQUÍMICA ANIMAL
773 0 _tRevista Brasileira de Reprodução Animal (Brazil)
_xISSN 0102-0803
_g(Jul-Sep 2003), v. 27(3) p. 457-458
_wBR0400191
909 _a202311
_bLúcia
_c55
_dLúcia Elande
942 _2AGRIS
_n0
_cANA
999 _c177350
_d177350